Statistics for County-Level Divisions of Heilongjiang, China

Click here to take the quiz!

General Stats

  • This quiz has been taken 45 times
  • The average score is 65 of 125

Answer Stats

Prefecture-level City 地級市Answer% Correct
Harbin 哈爾濱Daoli 道裡
100%
Daxing'anling 大興安嶺地區Mohe 漠河
96%
Mudanjiang 牡丹江Suifenhe 綏芬河
92%
Jixi 雞西Jidong 雞東
88%
Harbin 哈爾濱Daowai 道外
83%
Daxing'anling 大興安嶺地區Jiagedaqi 加格達奇
83%
Harbin 哈爾濱Shangzhi 尚志
83%
Harbin 哈爾濱Wuchang 五常
83%
Jiamusi 佳木斯Fuyuan 撫遠
79%
Heihe 黑河Sunwu 孫吳
79%
Mudanjiang 牡丹江Xi'An 西安
79%
Qiqihar 齊齊哈爾Fuyu 富裕
75%
Heihe 黑河Nenjiang 嫩江
75%
Heihe 黑河Wudalianchi 五大連池
75%
Harbin 哈爾濱Acheng 阿城
71%
Yichun 伊春Tieli 鐵力
71%
Heihe 黑河Xunke 遜克
71%
Mudanjiang 牡丹江Dongning 東寧
67%
Daxing'anling 大興安嶺地區Huma 呼瑪
67%
Qiqihar 齊齊哈爾Nehe 訥河
67%
Daqing 大慶Zhaoyuan 肇源
67%
Heihe 黑河Aihui 璦琿
63%
Jixi 雞西Hulin 虎林
63%
Jixi 雞西Jiguan 雞冠
63%
Harbin 哈爾濱Nangang 南崗
63%
Harbin 哈爾濱Pingfang 平房
63%
Harbin 哈爾濱Xiangfang 香坊
63%
Qiqihar 齊齊哈爾Ang'Angxi 昂昂溪
58%
Heihe 黑河Bei'An 北安
58%
Mudanjiang 牡丹江Dong'An 東安
58%
Jiamusi 佳木斯Dongfeng 東風
58%
Jiamusi 佳木斯Huanan 樺南
58%
Harbin 哈爾濱Hulan 呼蘭
58%
Yichun 伊春Jiayin 嘉蔭
58%
Jiamusi 佳木斯Qianjin 前進
58%
Daxing'anling 大興安嶺地區Tahe 塔河
58%
Suihua 綏化Zhaodong 肇東
58%
Qiqihar 齊齊哈爾Fularji 富拉爾基
54%
Jiamusi 佳木斯Huachuan 樺川
54%
Jixi 雞西Mishan 密山
54%
Hegang 鶴崗Nanshan 南山
54%
Qiqihar 齊齊哈爾Nianzishan 碾子山
54%
Harbin 哈爾濱Shuangcheng 雙城
54%
Daxing'anling 大興安嶺地區Songling 松嶺
54%
Yichun 伊春Yimei 伊美
54%
Suihua 綏化Anda 安達
50%
Harbin 哈爾濱Bin County 賓縣
50%
Qitaihe 七台河Boli 勃利
50%
Jiamusi 佳木斯Fujin 富錦
50%
Mudanjiang 牡丹江Hailin 海林
50%
Suihua 綏化Hailun 海倫
50%
Daxing'anling 大興安嶺地區Huzhong 呼中
50%
Daqing 大慶Longfeng 龍鳳
50%
Qiqihar 齊齊哈爾Longjiang 龍江
50%
Qiqihar 齊齊哈爾Meilisi 梅裡斯
50%
Harbin 哈爾濱Mulan 木蘭
50%
Mudanjiang 牡丹江Muling 穆棱
50%
Daqing 大慶Sartu 薩爾圖
50%
Qiqihar 齊齊哈爾Tiefeng 鐵峰
50%
Hegang 鶴崗 | Jiamusi 佳木斯Xiangyang 向陽
50%
Harbin 哈爾濱Yilan 依蘭
50%
Yichun 伊春Youhao 友好
50%
Daqing 大慶Zhaozhou 肇州
50%
Mudanjiang 牡丹江Aimin 愛民
46%
Suihua 綏化Beilin 北林
46%
Yichun 伊春Dajingshan 大箐山
46%
Jixi 雞西Didao 滴道
46%
Hegang 鶴崗Dongshan 東山
46%
Qiqihar 齊齊哈爾Jianhua 建華
46%
Yichun 伊春Jinlin 金林
46%
Qiqihar 齊齊哈爾Longsha 龍沙
46%
Hegang 鶴崗Luobei 蘿北
46%
Jixi 雞西Mashan 麻山
46%
Yichun 伊春Nancha 南岔
46%
Mudanjiang 牡丹江Ning'An 寧安
46%
Daqing 大慶Ranghulu 讓胡路
46%
Harbin 哈爾濱Songbei 松北
46%
Yichun 伊春Tangwang 湯旺
46%
Qitaihe 七台河Taoshan 桃山
46%
Suihua 綏化Wangkui 望奎
46%
Mudanjiang 牡丹江Yangming 陽明
46%
Harbin 哈爾濱Bayan 巴彥
42%
Jixi 雞西Chengzihe 城子河
42%
Daqing 大慶Datong 大同
42%
Daqing 大慶Durbote 杜爾伯特
42%
Harbin 哈爾濱Fangzheng 方正
42%
Yichun 伊春Fenglin 豐林
42%
Hegang 鶴崗Gongnong 工農
42%
Jiamusi 佳木斯Jiaoqu 郊區
42%
Daqing 大慶Lindian 林甸
42%
Jixi 雞西Lishu 梨樹
42%
Qitaihe 七台河Qiezihe 茄子河
42%
Suihua 綏化Qinggang 青岡
42%
Shuangyashan 雙鴨山Raohe 饒河
42%
Hegang 鶴崗Suibin 綏濱
42%
Jiamusi 佳木斯Tangyuan 湯原
42%
Jiamusi 佳木斯Tongjiang 同江
42%
Hegang 鶴崗Xing'An 興安
42%
Harbin 哈爾濱Yanshou 延壽
42%
Shuangyashan 雙鴨山Baoqing 寶清
38%
Jixi 雞西Hengshan 恆山
38%
Daqing 大慶Honggang 紅崗
38%
Shuangyashan 雙鴨山Jianshan 尖山
38%
Qiqihar 齊齊哈爾Kedong 克東
38%
Qiqihar 齊齊哈爾Keshan 克山
38%
Mudanjiang 牡丹江Linkou 林口
38%
Shuangyashan 雙鴨山Sifangtai 四方台
38%
Qiqihar 齊齊哈爾Tailai 泰來
38%
Harbin 哈爾濱Tonghe 通河
38%
Yichun 伊春Wucui 烏翠
38%
Hegang 鶴崗Xingshan 興山
38%
Daxing'anling 大興安嶺地區Xinlin 新林
38%
Qitaihe 七台河Xinxing 新興
38%
Shuangyashan 雙鴨山Youyi 友誼
38%
Shuangyashan 雙鴨山Baoshan 寶山
33%
Shuangyashan 雙鴨山Jixian 集賢
33%
Suihua 綏化Lanxi 蘭西
33%
Shuangyashan 雙鴨山Lingdong 嶺東
33%
Suihua 綏化Mingshui 明水
33%
Suihua 綏化Qing'An 慶安
33%
Suihua 綏化Suileng 綏棱
33%
Qiqihar 齊齊哈爾Yi'An 依安
33%
Qiqihar 齊齊哈爾Baiquan 拜泉
29%
Qiqihar 齊齊哈爾Gannan 甘南
25%

Score Distribution

Percentile by Number Answered

Percent of People with Each Score

Your Score History

You have not taken this quiz